000 01434nam0a22002771 4500
001 rc\3525416
005 20250610014218.0
021 _aRU
_b[69-111282]
035 _a(NLR Aleph) 007625331
090 _a5964842
_c5964842
100 _a20130115d1969 |||y0rusy50 ca
101 0 _arus
102 _aRU
105 _aa z |||a|
200 1 _aГде этот дом
_eРассказы
_eПовести
_f[Ил.: П.А. Валюс]
210 _aМосква
_cСов. писатель
_d1969
215 _a407 с.
_cил.
_d21
327 1 _aСодерж.: Рассказы: Солнечной ночью; День рождения; Дом при больнице; Кому досталась рябина; Повести: Вера, Надежда, Любовь; Маленькая повесть; Где этот дом
464 0 _12001#$aСолнечной ночью$eРассказ$aДень рождения$eРассказ$aДом при больнице$eРассказ$aКому досталась рябина$eРассказ$aВера, Надежда, Любовь$eПовесть$aМаленькая повесть$eПовесть$aГде этот дом$eПовесть
_tГде этот дом
700 1 _aВальцева
_bА.В.
_gАнна Витальевна
702 1 _aВалюс
_bП.А.
_4440
801 0 _aRU
_bNLR
_gpsbo
801 1 _aRU
_bELAR
_2rusmarc
852 _aNLR
_j69-3/9725
942 _cBOOK
980 _aNB